LA ESTABILIDAD DEL HEMISFERIO OCCIDENTAL EL ENLACE LATINOAMERICANO (Record no. 1912)

MARC details
000 -LEADER
campo de control de longitud fija 00718nam a22001697a 4500
001 - NÚMERO DE CONTROL
campo de control 7741
005 - FECHA Y HORA DE LA ÚLTIMA TRANSACCIÓN
campo de control 20250602012215.0
008 - DATOS DE LONGITUD FIJA--INFORMACIÓN GENERAL
campo de control de longitud fija 5230201985 mx
082 ## - NÚMERO DE LA CLASIFICACIÓN DECIMAL DEWEY
Número de clasificación 330998
Número de ítem Es81e
245 ## - MENCIÓN DEL TÍTULO
Título LA ESTABILIDAD DEL HEMISFERIO OCCIDENTAL EL ENLACE LATINOAMERICANO
Mención de responsabilidad, etc. Editado por R. Daniel McMichael y John D. Paulus.
250 ## - MENCION DE EDICION
Mención de edición 1a. ed.
260 ## - PUBLICACIÓN, DISTRIBUCIÓN, ETC.
Lugar de publicación, distribución, etc. México :
Nombre del editor, distribuidor, etc. NOEMA EDITORES
300 ## - DESCRIPCIÓN FÍSICA
Extensión 208 p. / 21 cm
500 ## - NOTA GENERAL
Nota general Título de la obra en inglés : Western Hemisphere Stability , The Latin American Connection
650 ## - PUNTO DE ACCESO ADICIONAL DE MATERIA--TÉRMINO DE MATERIA
Término de materia o nombre geográfico como elemento de entrada 1 AMERICA LATINA POLITICA Y GOBIERNO 2 AMERICA LATINA CONDICIONES ECONOMICAS 3 AMERICA LATINA RELACIONES EXTERIORES
700 ## - ENTRADA AGREGADA--NOMBRE PERSONAL
Nombre de persona I MCMICHAEL R DANIEL EDT II PAULUS JOHN D EDT
Holdings
Estatus retirado Estado de pérdida Estado de daño No para préstamo Colección Biblioteca de origen Biblioteca actual Fecha de adquisición Total de préstamos Signatura topográfica completa Código de barras Visto por última vez Copia número Precio de reemplazo Tipo de ítem Koha
        Acervo general de Libros Biblioteca Central Mons. Favio M. Rivas S. Biblioteca Central Mons. Favio M. Rivas S. 16/07/2014   330998 000000002521 23/05/2025 1 23/05/2025 Libros